01099nam a2200205 a 450000100100000000500170001000800410002704000250006804100180009308200150011111100750012624502360020124600830043724600560052024600870057626000810066330000200074450000320076471100970079600002834220200930031545.0110303s2004 dr 000 0 spa d aDO-SdBNPbspacBNPHU0 aspaaeng2fre axxxbF356i2 aFeria Internacional del Librod(2004: 26-30 abrilcSanto Domingon7a:)10aPrograma :b9na .Coferencias Internacional de escritores y críticos literario del Caribe =b9th International Cabean women writers and scholars=b9eme Congrès international d Ecrivaines et Critiques Llitérainres de la Caribe.10a9na .Coferencias Internacional de escritores y críticos literario del Caribe10a9th International Cabean women writers and scholars10a9eme Congrès International d Ecrivaines et Critiques Llitérainres de la Caribe aSanto Domingo :bSecretaría de Estado de la Mujer,c2004.fEditorial Norma a61 p. ;c23 cm. aPaís invitado Puerto Rico2 aThe biennal conference of the ACWWSc(Santo Domingo, Dominican Republicd2004:n26-30 abril)